| 000 | 02064nam a2200469 a 4500 | ||
|---|---|---|---|
| 999 |
_c167984 _d167984 |
||
| 003 | BLK | ||
| 005 | 20240321113012.0 | ||
| 008 | 180411b bul|||||r ||||||| ||bul|| | ||
| 010 | _aKNG00175844000 | ||
| 040 | _aBLK | ||
| 041 |
_aBUL _cBUL |
||
| 072 | 7 |
_2bullib _aК _xКраезнание |
|
| 080 |
_aАлманаси. Календари. Отраслови календари се класифицират по тема с определител (059). Вж и 529 _b059 _z059 |
||
| 139 |
_aКалендар-сборник Светлоструй за 1930 _bК 16 |
||
| 245 | 1 | 0 |
_aКалендар-сборник Светлоструй за 1930 _cпод ред. на Димитър Добрев |
| 257 | _aBGR | ||
| 260 |
_aРусе _bв. Светлоструй _c1930 |
||
| 300 |
_a344 с. _bс портр. _c17 см |
||
| 380 | _a0 | ||
| 650 | 4 |
_aВестници, български - история _9255960 |
|
| 650 | 4 |
_aПериодичен печат - България - история _9244176 |
|
| 650 | 4 |
_aКалендари _9158145 |
|
| 651 | 4 |
_aЩръклево _9179813 |
|
| 653 | _aСветлоструй | ||
| 653 | _aДимитър Добрев | ||
| 653 | _aвестници | ||
| 653 | _aкалендари | ||
| 659 | _aК | ||
| 700 |
_aДобрев, Димитър _gПоет, писател, преводач от руски език. Основател и издател на вестник "Светлоструй" _d1904-1985 _qДимитров, Димитър Добрев _9364701 |
||
| 852 | _aЦб І 13983 | ||
| 852 | _a К 0/К 16 | ||
| 856 | 4 |
_qpdf _i0.00 _ldisable |
|
| 856 | 4 |
_qpdf _i0.00 _linternal use only _fКалендар-сборник Светлоструй за 1930 _xebook _zКалендар-сборник Светлоструй за 1930 |
|
| 942 |
_cKNG _n0 _04 _s1 |
||
| 944 |
_aCR _c26.05.2015 _k30560 _lГеновева Генчева |
||
| 944 |
_aED _c16.06.2015 _kВаля_Йорданова |
||
| 999 | _d167984 | ||
| 999 | _d167984 | ||
| 999 | _d167984 | ||
| 999 | _d167984 | ||
| 999 | _d167984 | ||